|
|
|
|
| LEADER |
00000cam a2200000 7i4500 |
| 001 |
0000000044 |
| 005 |
20000626.0 |
| 020 |
0 |
0 |
|a 9251025223
|
| 090 |
0 |
0 |
|a 581.68014
|b DAT 1986
|
| 245 |
0 |
0 |
|a DATABOOK on endangered tree and shrub species and provenances
|c Forest Resources Division, FAO Forestry Department
|
| 260 |
0 |
0 |
|a Rome :
|b FAO ,
|c 1986
|
| 300 |
|
|
|a 524 p. :
|b ill. ;
|c 21 cm.
|
| 440 |
0 |
0 |
|a FAO forest paper; 77
|
| 650 |
0 |
0 |
|a Endangered species
|x Nomenclature
|
| 650 |
0 |
0 |
|a Rare plants
|x Nomenclature
|
| 650 |
0 |
0 |
|a Shrubs
|
| 650 |
0 |
0 |
|a Trees
|
| 700 |
0 |
1 |
|a Food and Agriculture Organization of the United Nations (FAO)
|
| 999 |
|
|
|a 0000001160
|b Monograph
|c Open Shelf
|e Default branch
|